Statistics for Movie Characters with Many Actors #1

Click here to take the quiz!

General Stats

  • This quiz has been taken 57 times
  • The average score is 6 of 15

Answer Stats

HintAnswer% Correct
Roger Moore, George Lazenby, Daniel Craig, Pierce Brosnan, Sean ConneryJames Bond
94%
Shannon Farnon, Lynda Carter, Susan Eisenberg, Gal Gadot, Cathy Lee CrosbyWonder Woman
90%
Michelle Pfeiffer, Julie Newmar, Eartha Kitt, Anne Hathaway, Halle BerryCatwoman
82%
William Hartnell, David Tennant, Peter Capaldi, Matt Smith, Jodie WhittakerThe Doctor
67%
Chris O’Donnell, Burt Ward, Michael Cera, Joseph Gordon-Levitt, Brenton ThwaitesRobin
59%
Judy Garland, Ashanti, Diana Ross, Fairuza Balk, Liza MinnelliDorothy Gale
47%
Arnold Schwarzenegger, Alan Steel, Dwayne Johnson, Kevin Sorbo, Tate DonovanHercules
39%
Morgan Freeman, Denzel Washington, Nigel Thatch, Mario Van Peebles, Lindsay Owen PierreMalcolm X
27%
Boris Karloff, Rami Malek, Keegan-Michael Key, Sofia Boutella, Lon Chaney, Jr.The Mummy
22%
Ingrid Bergman, Renée Falconetti, Geraldine Farrar, Jean Seberg, Jane WiedlinJoan of Arc
18%
Leonardo DiCaprio, Leonard Whiting, Douglas Booth, Alex Hyde-White, Henry CaicedoRomeo
16%
Michael Caine, Jim Carrey, Patrick Stewart, Albert Finney, Tim CurryEbenezer Scrooge
12%
John Cleese, Nicholas Clay, Dan Stevens, Richard Gere, Rupert EverettSir Lancelot
6%
Marion Cotillard, Judi Dench, Jeanette Nolan, Piper Laurie, Harriet WalterLady Macbeth
4%
Elle Fanning, Mary Costa, Emily Browning, Sarah Bolger, India EisleySleeping Beauty
4%

Score Distribution

Percentile by Number Answered

Percent of People with Each Score

Your Score History

You have not taken this quiz